Nástin ekonomiky předkapitalistických formací

Enregistré dans:
Détails bibliographiques
Format: Livre
Langue:tchèque
Publié: Praha Svoboda 1951
Tags: Ajouter un tag
Pas de tags, Soyez le premier à ajouter un tag!

MARC

LEADER 00000nam a2200000 4500
001 0313621
005 20251215114540.1
041 0 |a cze 
044 |a CZ 
245 1 0 |a Nástin ekonomiky předkapitalistických formací  |c K. V. Ostroviťanov 
264 1 |a Praha  |b Svoboda  |c 1951